UCSC Library OPAC

UPGRADING AND REPAIRING NETWORKS (Record no. 22347)

MARC details
000 -LEADER
fixed length control field 00452nam a2200193Ia 4500
008 - FIXED-LENGTH DATA ELEMENTS--GENERAL INFORMATION
fixed length control field 240509s9999 xx 000 0 und d
020 ## - INTERNATIONAL STANDARD BOOK NUMBER
International Standard Book Number 0000789701812
041 ## - LANGUAGE CODE
Language code of text/sound track or separate title English
082 ## - DEWEY DECIMAL CLASSIFICATION NUMBER
Classification number 004.64
082 ## - DEWEY DECIMAL CLASSIFICATION NUMBER
Cutter number Z11
100 ## - MAIN ENTRY--PERSONAL NAME
Personal name ZACKER C. & DOYLE P.
245 #0 - TITLE STATEMENT
Title UPGRADING AND REPAIRING NETWORKS
260 ## - PUBLICATION, DISTRIBUTION, ETC.
Name of publisher, distributor, etc. INDIANA : QUE
260 ## - PUBLICATION, DISTRIBUTION, ETC.
Date of publication, distribution, etc. 1996
300 ## - PHYSICAL DESCRIPTION
Extent (Pages) 1128 p.
650 ## - SUBJECT ADDED ENTRY--TOPICAL TERM
Topical term or geographic name entry element COMMUNICATION NETWORKS : HARDWARE
942 ## - ADDED ENTRY ELEMENTS (KOHA)
Source of classification or shelving scheme Dewey Decimal Classification
942 ## - ADDED ENTRY ELEMENTS (KOHA)
Koha item type Lending Book
945 ## - LOCAL PROCESSING INFORMATION (OCLC)
creator borrowernumber 1
creator name Madushi Gamage
modifier borrowernumber 1
modifier name Madushi Gamage
Holdings
Withdrawn status Lost status Source of classification or shelving scheme Damaged status Not for loan Collection code Home library Current library Shelving location Date acquired Cost, normal purchase price Inventory number Total Checkouts Full call number Barcode Date last seen Price effective from Koha item type
Written-off   Dewey Decimal Classification     Lending Collection UCSC Library UCSC Library Lending Section 27/06/2024 4485.00 5435   004.64 Z11 A15435 27/06/2024 27/06/2024 Lending Book
Written-off   Dewey Decimal Classification     Lending Collection UCSC Library UCSC Library Lending Section 27/06/2024 4485.00 5492   004.64 Z11 A15492 27/06/2024 27/06/2024 Lending Book